00324nam a2200121Ia 45000030006000000080041000060400015000471000045000622450057001072600009001645460012001730050017001850STCL150530s9999 xx 000 0 und d aSTCLcSTCL aSuperintendent Government printing India aCalcutta university commission 1917-19 Report Vol IV c1919 aEnglish20220125165727.0